Statistiken für Bevölkerungsreichste Inseln

Klicken Sie hier um das Quiz zu spielen!

Allgemein

  • Dieses Quiz wurde 106 mal gespielt
  • Das Durchschnittsergebnis liegt bei 17 aus 50

Antwortstatistiken

PopulationIsland% Korrekt
6,894,291Ireland/ Irland
84%
28,479,665Madagascar/ Madagaskar
84%
11,318,747Cuba/ Kuba
80%
66,397,821Great Britain/ Großbritannien
80%
21,919,000Sri Lanka
72%
23,865,820Taiwan
72%
147,795,436Java
65%
58,880,000Sumatra
63%
5,383,579Hokkaido
62%
23,720,000Borneo
61%
104,000,000Honshu
61%
5,017,000Sicily/ Sizilien
60%
22,278,000Hispaniola
54%
1,659,000Sardinia/ Sardinien
54%
4,317,404Bali
51%
14,800,000New Guinea/ Neu Guinea
50%
5,882,440Singapore/ Singapur
50%
3,896,200Te Ika-a-Māui / Nordinsel
50%
2,950,210Jamaika/ Jamaica
48%
64,260,312Luzon
40%
1,267,145Trinidad
37%
10,081,232Hainan
34%
20,160,000Sulawesi
33%
27,021,036Mindanao
30%
13,200,000Kyushu
29%
3,182,693Timor
29%
2,287,740Zealand/ Seeland
27%
1,253,417Hong Kong
24%
1,301,000Okinawa
23%
1,619,090Manhattan
21%
3,474,182Puerto Rico
21%
7,838,822Long Island
20%
3,815,000Shikoku
20%
4,311,040Cebu
15%
3,311,044Lombok
11%
1,831,000Flores
9%
1,331,473Mindoro
9%
4,542,926Panay
9%
2,014,221Montreal
7%
4,656,945Negros
7%
1,751,267Samar
7%
2,626,970Leyte
4%
15,111,974Salsette
4%
1,391,340Sumbawa
4%
2,040,000Xiamen
2%
1,758,000Bhola
1%
4,004,564Madura
1%
1,558,663Huizhou
0%
1,381,459Sao Luis
0%
2,890,000Zhongshan
0%

Verteilung der Resultate

Perzentil nach korrekt beantworteten Fragen

Anzahl Personen mit jedem Resultat

Ihre Resultats-Entwicklung

Sie haben dieses Quiz noch nicht gespielt